<?xml version="1.0" encoding="UTF-8"?>
<record
    xmlns:xsi="http://www.w3.org/2001/XMLSchema-instance"
    xsi:schemaLocation="http://www.loc.gov/MARC21/slim http://www.loc.gov/standards/marcxml/schema/MARC21slim.xsd"
    xmlns="http://www.loc.gov/MARC21/slim">

  <leader>00615nam a2200157Ia 4500</leader>
  <controlfield tag="008">100122s9999    xx            000 0 und d</controlfield>
  <datafield tag="082" ind1=" " ind2=" ">
    <subfield code="b">66930</subfield>
    <subfield code="a">181.4</subfield>
  </datafield>
  <datafield tag="100" ind1=" " ind2=" ">
    <subfield code="a">&#x92D;&#x94B;&#x938;&#x932;&#x947; &#x930;&#x93E;&#x91C;&#x928;</subfield>
  </datafield>
  <datafield tag="245" ind1=" " ind2=" ">
    <subfield code="a">&#x913;&#x936;&#x94B; &#x935;&#x93F;&#x91A;&#x93E;&#x930;&#x926;&#x930;&#x94D;&#x936;&#x928; (&#x92D;&#x94B;&#x938;&#x932;&#x947;/&#x915;&#x941;&#x902;&#x91F;&#x947;)</subfield>
  </datafield>
  <datafield tag="260" ind1=" " ind2=" ">
    <subfield code="b">&#x92E;&#x928;&#x94B;&#x935;&#x93F;&#x915;&#x93E;&#x938; &#x92A;&#x94D;&#x930;&#x915;&#x93E;&#x936;&#x928;</subfield>
    <subfield code="c">2004</subfield>
  </datafield>
  <datafield tag="300" ind1=" " ind2=" ">
    <subfield code="a">239</subfield>
  </datafield>
  <datafield tag="630" ind1=" " ind2=" ">
    <subfield code="a">&#x913;&#x936;&#x94B; &#x935;&#x93F;&#x91A;&#x93E;&#x930;&#x926;&#x930;&#x94D;&#x936;&#x928; (&#x92D;&#x94B;&#x938;&#x932;&#x947;/&#x915;&#x941;&#x902;&#x91F;&#x947;)</subfield>
  </datafield>
  <datafield tag="700" ind1=" " ind2=" ">
    <subfield code="a">&#x915;&#x941;&#x902;&#x91F;&#x947; &#x92E;&#x93E;&#x927;&#x935;&#x940;</subfield>
  </datafield>
  <datafield tag="730" ind1=" " ind2=" ">
    <subfield code="a">&#x913;&#x936;&#x94B; &#x935;&#x93F;&#x91A;&#x93E;&#x930;&#x926;&#x930;&#x94D;&#x936;&#x928; (&#x92D;&#x94B;&#x938;&#x932;&#x947;/&#x915;&#x941;&#x902;&#x91F;&#x947;)</subfield>
  </datafield>
  <datafield tag="942" ind1=" " ind2=" ">
    <subfield code="c">BOOK</subfield>
  </datafield>
  <datafield tag="999" ind1=" " ind2=" ">
    <subfield code="c">439276</subfield>
    <subfield code="d">439273</subfield>
  </datafield>
  <datafield tag="952" ind1=" " ind2=" ">
    <subfield code="0">0</subfield>
    <subfield code="1">0</subfield>
    <subfield code="4">0</subfield>
    <subfield code="7">0</subfield>
    <subfield code="a">SVPPARLE</subfield>
    <subfield code="b">SVPPARLE</subfield>
    <subfield code="d">2005-04-09</subfield>
    <subfield code="g">125.00</subfield>
    <subfield code="l">0</subfield>
    <subfield code="o">66930</subfield>
    <subfield code="p">SVPPARLE-66930</subfield>
    <subfield code="r">2010-01-25 00:00:00</subfield>
    <subfield code="v">125.00</subfield>
    <subfield code="w">2010-01-25</subfield>
    <subfield code="y">BOOK</subfield>
    <subfield code="z">General NA</subfield>
  </datafield>
</record>
